| 000 | 00428nam a2200181Ia 4500 | ||
|---|---|---|---|
| 005 | 20250423100246.0 | ||
| 008 | 250422s9999 xx 000 0 und d | ||
| 020 | _a0-07-245269-2 | ||
| 050 | _aHG 221 .C386/ | ||
| 100 | _aCecchetti, G. Stephen | ||
| 245 | 0 | _aMoney, banking and financial markets | |
| 260 | _aNew York | ||
| 260 | _bMcGraw- Hill | ||
| 260 | _c2006 | ||
| 300 | _a643 p | ||
| 650 | _aFinance | ||
| 942 | _cBK | ||
| 999 |
_c32759 _d32759 |
||